[Event "9MCR_4D_1L_1S"]
[Site "?"]
[Date "2010.??.??"]
[Round "?"]
[White "Nyvlt, Zdenek"]
[Black "Pirhala, Ladislav"]
[Result "1/2-1/2"]
[WhiteElo "2302"]
[BlackElo "2239"]
[Annotator "038"]
[PlyCount "105"]
[EventDate "2010.??.??"]
[EventType "corr"]
[SourceDate "2002.06.29"]

1. Nf3 Nf6 2. c4 g6 3. Nc3 Bg7 4. e4 d6 5. d4 O-O 6. Be2 e5 7. Be3 Ng4 8. Bg5
f6 9. Bh4 Nc6 10. d5 Ne7 11. Nd2 f5 12. O-O Nf6 13. f3 b6 14. Bd3 Bh6 15. Re1
Rf7 16. exf5 Nxf5 17. Bxf5 gxf5 18. a4 a5 19. Nb5 Qd7 20. Nb1 Bb7 21. N1c3 Raf8
22. Qe2 Nh5 23. g3 Nf6 24. Kh1 Rg7 25. Rg1 Kh8 26. Rae1 Rg6 27. b3 Rfg8 28. Rg2
Nh5 29. Reg1 Bg5 30. Bxg5 Rxg5 31. Qd2 Nf6 32. Qd3 R5g7 33. Na7 Nh5 34. Nd1 Qf7
35. Ne3 Rf8 36. Nd1 Ba6 37. Qd2 Rfg8 38. Nc3 Nf6 39. f4 Ng4 40. Rf1 Qh5 41.
fxe5 dxe5 42. Qd3 Rg5 43. Nd1 f4 44. gxf4 exf4 45. Qf3 Qg6 46. Nc6 Nxh2 47.
Qc3+ Rg7 48. Rxf4 Kg8 49. Rf6 Qe4 50. Rf8+ Kxf8 51. Qf6+ Ke8 52. Qd8+ Kf7 53.
Qxc7+ 1/2-1/2

[Event "9MCR_4D_1L_1S"]
[Site "?"]
[Date "2010.??.??"]
[Round "?"]
[White "Nyvlt, Zdenek"]
[Black "Valak, Alois"]
[Result "1/2-1/2"]
[WhiteElo "2302"]
[BlackElo "2335"]
[Annotator "065"]
[PlyCount "105"]
[EventDate "2010.??.??"]
[EventType "corr"]
[SourceDate "2002.06.29"]

1. Nf3 Nf6 2. c4 c5 3. Nc3 Nc6 4. g3 g6 5. Bg2 d6 6. d4 cxd4 7. Nxd4 Bd7 8. O-O
Bg7 9. Nc2 h5 10. h4 O-O 11. Bg5 Re8 12. Qd2 Rc8 13. Rac1 Qa5 14. Ne1 Ng4 15.
b3 a6 16. Nf3 f6 17. Be3 Kh7 18. Nd5 Nxe3 19. Qxa5 Nxa5 20. Nxe3 Bh6 21. Rc3
Bxe3 22. Rxe3 b5 23. cxb5 axb5 24. Rd1 Nc6 25. Rc1 d5 26. Rec3 Nb4 27. a3 Na2
28. Rxc8 Rxc8 29. Rxc8 Bxc8 30. Kf1 Nc3 31. e3 Kg7 32. Nd4 e5 33. Nc6 Kf7 34.
Ke1 Bd7 35. Nb4 Ke6 36. Bh3+ f5 37. Bg2 Ne4 38. Nd3 Be8 39. f3 Nc3 40. Nb4 Nb1
41. f4 e4 42. Kd1 Nxa3 43. Kc1 Kd6 44. Kb2 Nc4+ 45. bxc4 dxc4 46. Kc3 Kc5 47.
Bf1 Bd7 48. Nc2 Be8 49. Be2 Bd7 50. Nb4 Be6 51. Bd1 Bf7 52. Bc2 Be8 53. Na2
1/2-1/2

[Event "9MCR_4D_1L_1S"]
[Site "?"]
[Date "2010.??.??"]
[Round "?"]
[White "Pirhala, Ladislav"]
[Black "Binas, Jindrich"]
[Result "1/2-1/2"]
[WhiteElo "2239"]
[BlackElo "2237"]
[Annotator "001"]
[PlyCount "72"]
[EventDate "2010.??.??"]
[EventType "corr"]
[SourceDate "2002.06.29"]

1. e4 c5 2. c3 Nf6 3. e5 Nd5 4. Nf3 Nc6 5. d4 cxd4 6. cxd4 d6 7. Bc4 Nb6 8. Bb5
dxe5 9. Nxe5 Bd7 10. Nxd7 Qxd7 11. Nc3 e6 12. O-O Be7 13. Qb3 Qxd4 14. a4 O-O
15. a5 Nd7 16. a6 Nc5 17. Qd1 Qb4 18. Be3 Rad8 19. Qe1 Nd4 20. Nd5 Qxb5 21.
Nxe7+ Kh8 22. Ra5 Qb6 23. axb7 Qxb7 24. Rxc5 Qxe7 25. Rc4 Qf6 26. Qb4 e5 27. h3
Kg8 28. Qa4 Qd6 29. Kh1 Qd7 30. Ra1 h6 31. Qxa7 Qb5 32. Qa2 Nb3 33. Qa6 Qd5 34.
Re1 Rd6 35. Qa4 Nd4 36. Rc7 Rb8 1/2-1/2

[Event "9MCR_4D_1L_1S"]
[Site "?"]
[Date "2010.??.??"]
[Round "?"]
[White "Pirhala, Ladislav"]
[Black "Canibal, Jaromir"]
[Result "1/2-1/2"]
[WhiteElo "2239"]
[BlackElo "2243"]
[Annotator "018"]
[PlyCount "64"]
[EventDate "2010.??.??"]
[EventType "corr"]
[SourceDate "2002.06.29"]

1. e4 Nf6 2. e5 Nd5 3. d4 d6 4. Nf3 Nb6 5. c4 g6 6. c5 dxc5 7. dxc5 Qxd1+ 8.
Kxd1 Nd5 9. Nc3 Be6 10. Ng5 Nxc3+ 11. bxc3 Bd5 12. e6 f6 13. c4 Bc6 14. Nf7 Rg8
15. f3 Ba4+ 16. Ke2 c6 17. Nh6 Bxh6 18. Bxh6 Na6 19. Be3 Bc2 20. Kd2 Bf5 21. g4
Bxe6 22. Kc3 O-O-O 23. Bd3 Bf7 24. h4 Nb8 25. a4 e5 26. g5 f5 27. a5 Rd7 28.
Rhe1 Na6 29. Bg1 Re8 30. Rad1 Rde7 31. Bc2 Kc7 32. Rd2 Re6 1/2-1/2

[Event "9MCR_4D_1L_1S"]
[Site "?"]
[Date "2010.??.??"]
[Round "?"]
[White "Pirhala, Ladislav"]
[Black "Kuta, Jiri"]
[Result "1/2-1/2"]
[WhiteElo "2239"]
[BlackElo "2375"]
[Annotator "031"]
[PlyCount "97"]
[EventDate "2010.??.??"]
[EventType "corr"]
[SourceDate "2002.06.29"]

1. e4 c5 2. Nf3 Nc6 3. d4 cxd4 4. Nxd4 Nf6 5. Nc3 e5 6. Ndb5 d6 7. Nd5 Nxd5 8.
exd5 Nb8 9. c4 Be7 10. Be3 a6 11. Nc3 O-O 12. Bd3 f5 13. f3 Bh4+ 14. g3 Bg5 15.
Bxg5 Qxg5 16. Qd2 Qd8 17. h4 Nd7 18. f4 Qb6 19. O-O-O e4 20. Be2 Nf6 21. Qd4
Qa5 22. Kb1 Bd7 23. h5 h6 24. Rc1 b5 25. Nd1 Rfc8 26. Ne3 Rab8 27. Rhd1 Rc5 28.
Qd2 Qb6 29. Qd4 Rbc8 30. Rc2 Qb7 31. Rdc1 Kh7 32. cxb5 Bxb5 33. Bc4 Bd7 34. Be2
Rxc2 35. Rxc2 Rxc2 36. Kxc2 Bb5 37. Bd1 Qc7+ 38. Kb3 Qc8 39. Ka3 Be8 40. Qb6 a5
41. Qxa5 Bxh5 42. Bxh5 Nxh5 43. Qb6 Qf8 44. Kb3 g5 45. a4 Nxg3 46. Ng2 e3 47.
a5 Ne4 48. a6 Nc5+ 49. Ka3 1/2-1/2

[Event "9MCR_4D_1L_1S"]
[Site "?"]
[Date "2010.??.??"]
[Round "?"]
[White "Pirhala, Ladislav"]
[Black "Masek, Jan"]
[Result "1/2-1/2"]
[WhiteElo "2239"]
[BlackElo "2362"]
[Annotator "048"]
[PlyCount "101"]
[EventDate "2010.??.??"]
[EventType "corr"]
[SourceDate "2002.06.29"]

1. e4 e5 2. Nf3 Nf6 3. Nxe5 d6 4. Nf3 Nxe4 5. d4 d5 6. Bd3 Bd6 7. O-O O-O 8. c4
c6 9. Re1 Bf5 10. Qb3 Na6 11. cxd5 cxd5 12. Nc3 Be6 13. a3 Nc7 14. Qc2 f5 15.
Ne2 Bf7 16. Be3 Ne6 17. Rac1 Bh5 18. Ne5 Bxe5 19. dxe5 f4 20. Bxe4 dxe4 21. Bc5
Nxc5 22. Qc4+ Kh8 23. Qxc5 Qh4 24. Rc4 b6 25. Qb4 a5 26. Qc3 Qg5 27. h4 Qf5 28.
Qd4 Bg6 29. Qxb6 Qg4 30. e6 f3 31. Ng3 Qxh4 32. Rc7 fxg2 33. Qd4 Rg8 34. Qe5
Rac8 35. Rec1 Rxc7 36. Rxc7 h5 37. e7 Qg4 38. Rc5 h4 39. Nf5 h3 40. Ne3 Qh4 41.
b4 Re8 42. Rc7 axb4 43. axb4 Qf6 44. Qxf6 gxf6 45. Kh2 Rg8 46. Rc1 Be8 47. Nf5
Bd7 48. Nd6 f5 49. b5 f4 50. Nxe4 Bxb5 51. Nf6 1/2-1/2

[Event "9MCR_4D_1L_1S"]
[Site "?"]
[Date "2010.??.??"]
[Round "?"]
[White "Pirhala, Ladislav"]
[Black "Sojka, Vaclav"]
[Result "1/2-1/2"]
[WhiteElo "2239"]
[BlackElo "2214"]
[Annotator "016"]
[PlyCount "70"]
[EventDate "2010.??.??"]
[EventType "corr"]
[SourceDate "2002.06.29"]

1. e4 c5 2. Nf3 Nc6 3. d4 cxd4 4. Nxd4 Nf6 5. Nc3 e5 6. Ndb5 d6 7. Bg5 a6 8.
Na3 b5 9. Nd5 Be7 10. Bxf6 Bxf6 11. c4 b4 12. Nc2 a5 13. Qf3 Rb8 14. Nxf6+ Qxf6
15. Qxf6 gxf6 16. O-O-O Ke7 17. Ne3 Be6 18. Nd5+ Bxd5 19. Rxd5 a4 20. g3 Nd4
21. Kd2 Rhc8 22. Ra5 Ra8 23. Rxa8 Rxa8 24. Bg2 Kd7 25. Bh3+ Kc6 26. Bg4 Kc5 27.
Kd3 Rg8 28. h3 h6 29. Rb1 Ra8 30. Rf1 a3 31. b3 Rg8 32. Rc1 Rg6 33. Rd1 Rg8 34.
Ke3 Rg7 35. Bd7 Rg8 1/2-1/2

[Event "9MCR_4D_1L_1S"]
[Site "?"]
[Date "2010.??.??"]
[Round "?"]
[White "Pirhala, Ladislav"]
[Black "Valak, Alois"]
[Result "0-1"]
[WhiteElo "2239"]
[BlackElo "2335"]
[Annotator "007"]
[PlyCount "80"]
[EventDate "2010.??.??"]
[EventType "corr"]
[SourceDate "2002.06.29"]

1. e4 e5 2. Nf3 Nc6 3. Bb5 a6 4. Ba4 Nf6 5. O-O Be7 6. Re1 b5 7. Bb3 d6 8. c3
O-O 9. h3 Bb7 10. d4 Re8 11. Nbd2 Bf8 12. Ng5 Re7 13. d5 Na5 14. Bc2 h6 15.
Ngf3 c6 16. b4 Nc4 17. Nxc4 bxc4 18. dxc6 Bxc6 19. Nd2 d5 20. exd5 Qxd5 21. Ne4
Nxe4 22. Qxd5 Bxd5 23. Bxe4 Bxe4 24. Rxe4 Rc8 25. g4 g6 26. Ba3 Bg7 27. Rd1 f5
28. Re2 e4 29. Rd6 f4 30. Bb2 Kf7 31. a4 Rcc7 32. Re1 Bf6 33. Rxa6 Rcd7 34. Bc1
Bxc3 35. Rf1 g5 36. Rc6 Rc7 37. Rxh6 e3 38. fxe3 Kg7 39. Rh5 fxe3 40. Rxg5+ Kh7
0-1

[Event "9MCR_4D_1L_1S"]
[Site "?"]
[Date "2010.??.??"]
[Round "?"]
[White "Sojka, Vaclav"]
[Black "Binas, Jindrich"]
[Result "1/2-1/2"]
[WhiteElo "2214"]
[BlackElo "2237"]
[Annotator "036"]
[PlyCount "72"]
[EventDate "2010.??.??"]
[EventType "corr"]
[SourceDate "2002.06.29"]

1. d4 Nf6 2. c4 e6 3. Nf3 b6 4. g3 Ba6 5. b3 Bb4+ 6. Bd2 Be7 7. Bg2 d5 8. cxd5
exd5 9. Nc3 Bb7 10. O-O O-O 11. Rc1 Na6 12. Ne5 c5 13. Bf4 Nc7 14. dxc5 bxc5
15. Na4 Ne6 16. Nd3 Rc8 17. Be3 Qa5 18. Naxc5 Bxc5 19. Bxc5 Rxc5 20. Rxc5 Nxc5
21. b4 Qxa2 22. Nxc5 Bc6 23. e3 Qc4 24. Qb3 Qxb3 25. Nxb3 Rb8 26. Nd4 Be8 27.
Rb1 Kf8 28. Ra1 Rxb4 29. Rxa7 Rb1+ 30. Bf1 Bd7 31. Kg2 g6 32. Bd3 Rb2 33. Bc2
h5 34. h3 Ke8 35. Ra5 Ke7 36. h4 Kd6 1/2-1/2

[Event "9MCR_4D_1L_1S"]
[Site "?"]
[Date "2010.??.??"]
[Round "?"]
[White "Sojka, Vaclav"]
[Black "Lounek, Jan"]
[Result "0-1"]
[WhiteElo "2214"]
[BlackElo "2406"]
[Annotator "059"]
[PlyCount "138"]
[EventDate "2010.??.??"]
[EventType "corr"]
[SourceDate "2002.06.29"]

1. e4 e5 2. Nf3 Nc6 3. d4 exd4 4. Nxd4 Bc5 5. Be3 Qf6 6. c3 Nge7 7. Bc4 Ne5 8.
Be2 Qg6 9. O-O d6 10. f3 O-O 11. Kh1 d5 12. Nd2 dxe4 13. fxe4 Bg4 14. Bf4 Bxe2
15. Qxe2 Bd6 16. Rad1 Rae8 17. Bxe5 Bxe5 18. Qb5 Bxd4 19. cxd4 Qb6 20. Qxb6
axb6 21. g4 Nc6 22. d5 Ne5 23. g5 b5 24. a3 c6 25. Rf5 g6 26. Rff1 Kg7 27. Nb3
Nc4 28. dxc6 bxc6 29. Rd7 Rxe4 30. Nd4 Nb6 31. Rd6 Nc4 32. Rd7 h6 33. Nxc6 hxg5
34. Nd8 Kg8 35. Nxf7 Rh4 36. Kg1 Rh7 37. b3 Nxa3 38. Ne5 Rxd7 39. Nxd7 Rf5 40.
Rc1 Kf7 41. Kg2 Rd5 42. Nc5 Kf6 43. Kf3 Kf5 44. Kg3 Rd2 45. Rf1+ Ke5 46. Rf7
Rc2 47. b4 Nc4 48. Rg7 Kf6 49. Rb7 Nd6 50. Rb6 Ke7 51. Kg4 Rg2+ 52. Kh3 Rg1 53.
Ra6 Nf5 54. Re6+ Kf7 55. Re4 Kg7 56. Nd7 Rd1 57. Ne5 Nd6 58. Re2 Rd4 59. Ng4
Kf7 60. Ne5+ Kf6 61. Ng4+ Kf5 62. Ne3+ Kf4 63. Kg2 g4 64. Nc2 Rd1 65. Ne3 Rd3
66. Nc2 Rb3 67. Kf1 Nf5 68. Rf2+ Kg5 69. Rd2 Rb2 0-1

[Event "9MCR_4D_1L_1S"]
[Site "?"]
[Date "2010.??.??"]
[Round "?"]
[White "Sojka, Vaclav"]
[Black "Masek, Jan"]
[Result "0-1"]
[WhiteElo "2214"]
[BlackElo "2362"]
[Annotator "062"]
[PlyCount "76"]
[EventDate "2010.??.??"]
[EventType "corr"]
[SourceDate "2002.06.29"]

1. e4 e5 2. Nf3 Nf6 3. d4 Nxe4 4. Bd3 d5 5. Nxe5 Nd7 6. Nxd7 Bxd7 7. O-O Bd6 8.
c4 c6 9. cxd5 cxd5 10. Qh5 O-O 11. Qxd5 Bc6 12. Qh5 g6 13. Qh3 Ng5 14. Qg4 Ne6
15. Bh6 Bf4 16. Bxf4 Qxd4 17. Nc3 Qxf4 18. Qg3 Rad8 19. Rad1 Qb4 20. Rd2 Nc5
21. h3 Nxd3 22. Rxd3 Qxb2 23. Re1 Rxd3 24. Qxd3 Qb4 25. Re5 Kg7 26. Qe3 Rd8 27.
Rh5 Kg8 28. Re5 Rd4 29. a4 b6 30. Qg3 a5 31. Rf5 Qe7 32. Rg5 Kg7 33. Rg4 Rb4
34. Ne2 Bxa4 35. Rxb4 axb4 36. Qg4 Bb5 37. Ng3 Qc5 38. Qd1 Qe5 0-1

[Event "9MCR_4D_1L_1S"]
[Site "?"]
[Date "2010.??.??"]
[Round "?"]
[White "Sojka, Vaclav"]
[Black "Mateka, Petr"]
[Result "1/2-1/2"]
[WhiteElo "2214"]
[BlackElo "2342"]
[Annotator "061"]
[PlyCount "84"]
[EventDate "2010.??.??"]
[EventType "corr"]
[SourceDate "2002.06.29"]

1. Nf3 Nf6 2. c4 e6 3. d4 b6 4. g3 Ba6 5. b3 Bb4+ 6. Bd2 Be7 7. Bg2 c6 8. Bc3
d5 9. Ne5 Ne4 10. O-O f6 11. Ng4 Nxc3 12. Nxc3 Nd7 13. Ne3 O-O 14. Rb1 Bb4 15.
Qc2 Rc8 16. a3 Bd6 17. b4 f5 18. f4 dxc4 19. a4 Qe7 20. b5 Bb7 21. Rfd1 Nf6 22.
Nxc4 Bb4 23. Na2 cxb5 24. axb5 Bxg2 25. Kxg2 Qb7+ 26. Kg1 Be7 27. Qb3 Qd5 28.
Ne5 Qxb3 29. Rxb3 Nd5 30. Nc6 a5 31. e4 fxe4 32. Nc3 Rfe8 33. Nxe4 a4 34. Rbb1
a3 35. Rd2 Ra8 36. Ra2 Bf8 37. Kf2 Ra4 38. Rb3 Rc4 39. Ke2 Rc1 40. Kd2 Rh1 41.
Kd3 Rd1+ 42. Kc2 Rf1 1/2-1/2

[Event "9MCR_4D_1L_1S"]
[Site "?"]
[Date "2010.??.??"]
[Round "?"]
[White "Sojka, Vaclav"]
[Black "Nyvlt, Zdenek"]
[Result "1/2-1/2"]
[WhiteElo "2214"]
[BlackElo "2302"]
[Annotator "049"]
[PlyCount "80"]
[EventDate "2010.??.??"]
[EventType "corr"]
[SourceDate "2002.06.29"]

1. d4 Nf6 2. c4 e6 3. Nf3 b6 4. g3 Ba6 5. b3 Bb4+ 6. Bd2 Be7 7. Bg2 O-O 8. O-O
d5 9. cxd5 exd5 10. Nc3 Bb7 11. Rc1 Nbd7 12. Bf4 c6 13. Ne5 Nxe5 14. Bxe5 Bb4
15. Qd3 Re8 16. Rfd1 h6 17. Rc2 Nd7 18. Bf4 Nf8 19. e4 dxe4 20. Nxe4 Ne6 21.
Be5 Qe7 22. Qf3 Nf8 23. Qg4 Ng6 24. f4 Rad8 25. h3 Bc8 26. Qh5 Nxe5 27. fxe5 c5
28. Nd6 Rxd6 29. exd6 Qxd6 30. Rf2 Rf8 31. dxc5 Qxg3 32. Rf3 Qc7 33. cxb6 Bc5+
34. Kh1 Bxb6 35. Rfd3 Re8 36. Bd5 Ba6 37. Rf3 Re7 38. a4 Bb7 39. Bxb7 Qxb7 40.
Rdf1 g6 1/2-1/2

[Event "9MCR_4D_1L_1S"]
[Site "?"]
[Date "2010.??.??"]
[Round "?"]
[White "Valak, Alois"]
[Black "Binas, Jindrich"]
[Result "1-0"]
[WhiteElo "2335"]
[BlackElo "2237"]
[Annotator "005"]
[PlyCount "47"]
[EventDate "2010.??.??"]
[EventType "corr"]
[SourceDate "2002.06.29"]

1. e4 c5 2. Nf3 d6 3. d4 cxd4 4. Nxd4 Nf6 5. Nc3 a6 6. Bg5 e6 7. f4 b5 8. e5
dxe5 9. fxe5 Qc7 10. Qe2 Nfd7 11. O-O-O Bb7 12. Qg4 Qb6 13. Be2 Nxe5 14. Qh3
Nbd7 15. Rhe1 h6 16. Bf3 Bxf3 17. Nxf3 Bd6 18. Kb1 Nxf3 19. Rxe6+ fxe6 20. Qh5+
g6 21. Qxg6+ Kf8 22. Bxh6+ Rxh6 23. Qxh6+ Kf7 24. Qh7+ 1-0

[Event "9MCR_4D_1L_1S"]
[Site "?"]
[Date "2010.??.??"]
[Round "?"]
[White "Valak, Alois"]
[Black "Kuta, Jiri"]
[Result "1-0"]
[WhiteElo "2335"]
[BlackElo "2375"]
[Annotator "060"]
[PlyCount "93"]
[EventDate "2010.??.??"]
[EventType "corr"]
[SourceDate "2002.06.29"]

1. e4 c5 2. Nf3 Nc6 3. d4 cxd4 4. Nxd4 e5 5. Nb5 d6 6. N1c3 Nf6 7. Bg5 a6 8.
Na3 b5 9. Bxf6 gxf6 10. Nd5 f5 11. Bd3 Be6 12. O-O Bxd5 13. exd5 Ne7 14. Nxb5
Bg7 15. Nc3 e4 16. Bc4 Ng6 17. Qh5 Bxc3 18. bxc3 Qf6 19. Qh6 Qxc3 20. Be2 Rg8
21. Rab1 Qg7 22. Qxg7 Rxg7 23. f4 f6 24. g3 Rc7 25. c4 Nf8 26. Kf2 Nd7 27. g4
fxg4 28. Bxg4 Nc5 29. Bf5 Rg7 30. Ke3 h5 31. Kd4 Ke7 32. Bxe4 f5 33. Bxf5 Rg2
34. Rfe1+ Kf6 35. Rb6 Rd2+ 36. Kc3 Rf2 37. Rxd6+ Kxf5 38. Kd4 Na4 39. Re5+ Kg4
40. Rg6+ Kh4 41. f5 Rc8 42. f6 Rc2 43. Re4+ Kh3 44. Ke5 Nc5 45. Re3+ Kxh2 46.
f7 Rxc4 47. Rg8 1-0

[Event "9MCR_4D_1L_1S"]
[Site "?"]
[Date "2010.??.??"]
[Round "?"]
[White "Valak, Alois"]
[Black "Masek, Jan"]
[Result "1/2-1/2"]
[WhiteElo "2335"]
[BlackElo "2362"]
[Annotator "067"]
[PlyCount "90"]
[EventDate "2010.??.??"]
[EventType "corr"]
[SourceDate "2002.06.29"]

1. e4 e5 2. Nf3 Nf6 3. Nxe5 d6 4. Nf3 Nxe4 5. d4 d5 6. Bd3 Bd6 7. O-O O-O 8. c4
c6 9. Re1 Bf5 10. Qb3 Na6 11. Nc3 dxc4 12. Bxc4 Nxc3 13. bxc3 b5 14. Bf1 Nc7
15. a4 a6 16. Ne5 Bxe5 17. Rxe5 Qd7 18. c4 bxc4 19. Qxc4 Be6 20. Qc5 Bd5 21.
Re7 Qd8 22. Ba3 Re8 23. a5 Nb5 24. Rxe8+ Qxe8 25. Bb4 h6 26. Re1 Qb8 27. Qb6
Qc8 28. h3 Rb8 29. Qc5 Qf5 30. Bd2 Nc7 31. Qd6 Rb2 32. Be3 Ne6 33. Qg3 Ra2 34.
Bxa6 Rxa5 35. Bxh6 Qf6 36. Qb8+ Qd8 37. Qxd8+ Nxd8 38. Re8+ Kh7 39. Be3 Rxa6
40. Rxd8 Ra7 41. Re8 Kg6 42. Kh2 f6 43. h4 Kf7 44. Rc8 Re7 45. Kg3 Re8 1/2-1/2

[Event "9MCR_4D_1L_1S"]
[Site "?"]
[Date "2010.??.??"]
[Round "?"]
[White "Valak, Alois"]
[Black "Mateka, Petr"]
[Result "1-0"]
[WhiteElo "2335"]
[BlackElo "2342"]
[Annotator "077"]
[PlyCount "99"]
[EventDate "2010.??.??"]
[EventType "corr"]
[SourceDate "2002.06.29"]

1. e4 e5 2. Nf3 Nc6 3. Bb5 a6 4. Ba4 Nf6 5. O-O Be7 6. Re1 b5 7. Bb3 O-O 8. c3
d6 9. h3 Na5 10. Bc2 c5 11. d4 Qc7 12. Nbd2 cxd4 13. cxd4 Nc6 14. Nb3 a5 15.
Be3 a4 16. Nbd2 Bd7 17. Rc1 Qb7 18. Qe2 Rfc8 19. Bd3 Ne8 20. Bxb5 Nxd4 21. Nxd4
Rxc1 22. Rxc1 exd4 23. Bxd7 dxe3 24. Bc6 exd2 25. Qxd2 Qc8 26. Bxa8 Qxa8 27.
Rc4 Bf8 28. Qc2 Qb7 29. Rxa4 g6 30. Qd2 Nf6 31. Qd4 Nd7 32. Rb4 Qa6 33. Qc4 Qa7
34. Qd5 Qc7 35. Rc4 Qa7 36. Rd4 Qc7 37. Qc4 Qb6 38. b4 Ne5 39. Qc3 Bg7 40. Rd1
Nc6 41. Qd2 Nd4 42. a4 Qa6 43. a5 Qb7 44. Qd3 Qxb4 45. Rb1 Qa4 46. Rb8+ Bf8 47.
a6 Ne6 48. g3 Qa1+ 49. Kg2 Qa4 50. Rc8 1-0

[Event "9MCR_4D_1L_1S"]
[Site "?"]
[Date "2010.??.??"]
[Round "?"]
[White "Valak, Alois"]
[Black "Sojka, Vaclav"]
[Result "1-0"]
[WhiteElo "2335"]
[BlackElo "2214"]
[Annotator "055"]
[PlyCount "85"]
[EventDate "2010.??.??"]
[EventType "corr"]
[SourceDate "2002.06.29"]

1. e4 c5 2. Nf3 Nc6 3. d4 cxd4 4. Nxd4 Nf6 5. Nc3 e5 6. Ndb5 d6 7. Bg5 a6 8.
Na3 b5 9. Bxf6 gxf6 10. Nd5 Bg7 11. Bd3 Ne7 12. Nxe7 Qxe7 13. c4 f5 14. O-O O-O
15. Qf3 bxc4 16. Nxc4 d5 17. exd5 e4 18. Qe3 Bb7 19. d6 Qh4 20. g3 Qh3 21. Be2
Bh6 22. Qb3 Rab8 23. Ne3 Bg7 24. Rad1 Bc6 25. Qc2 Rfc8 26. Bxa6 Bb7 27. Bc4 f4
28. d7 Rd8 29. gxf4 Rxd7 30. Be2 Rc8 31. Qb3 Rc6 32. Rxd7 Qxd7 33. Rd1 Rg6+ 34.
Kh1 Qc7 35. Bh5 Re6 36. Qb5 Bc6 37. Qg5 Kh8 38. Qc5 Qe7 39. Qxe7 Rxe7 40. Rc1
Bb7 41. b4 Bb2 42. Rd1 Rc7 43. a4 1-0

[Event "9MCR_4D_1L_2S"]
[Site "?"]
[Date "2010.??.??"]
[Round "?"]
[White "Cerveny, Libor"]
[Black "Dedina, Miroslav"]
[Result "0-1"]
[WhiteElo "2050"]
[BlackElo "2238"]
[Annotator "064"]
[PlyCount "126"]
[EventDate "2010.??.??"]
[EventType "corr"]
[SourceDate "2002.06.29"]

1. e4 e5 2. Nf3 Nc6 3. Bc4 Nf6 4. Ng5 d5 5. exd5 Na5 6. Bb5+ c6 7. dxc6 bxc6 8.
Qf3 h6 9. Ne4 Nd5 10. Be2 Be7 11. O-O O-O 12. d3 f5 13. Nec3 Be6 14. Qg3 f4 15.
Qf3 Nb4 16. Bd1 c5 17. a3 Nbc6 18. Nd2 Nd4 19. Qe4 Nac6 20. Nc4 Qd7 21. f3 Bf6
22. Qe1 Nf5 23. Ne4 Bh4 24. Qc3 Qd4+ 25. Qxd4 cxd4 26. b4 Rab8 27. Nc5 Bc8 28.
Rb1 Rd8 29. Ne4 a6 30. Be2 Be6 31. Nc5 Bc8 32. Bd2 Ne3 33. Rfc1 Be7 34. Ne4 Be6
35. Rb3 Rb7 36. Nc5 Bxc5 37. bxc5 Rc7 38. Rb6 Bc8 39. Nd6 Nd5 40. Nxc8 Rdxc8
41. Rxa6 Rb8 42. a4 Kf7 43. g3 Rb2 44. gxf4 exf4 45. a5 Ne5 46. Bd1 Rxc5 47.
Kf1 Ne3+ 48. Ke2 Ng6 49. Rb6 Ra2 50. Rb4 Rh5 51. Rxd4 Rxh2+ 52. Ke1 h5 53. Rb4
h4 54. Rb7+ Kg8 55. Bc3 Rh1+ 56. Ke2 Nf5 57. Rb5 Ng3+ 58. Kd2 Rh2+ 59. Ke1 h3
60. Rb7 Nf5 61. Rb8+ Kh7 62. Rb5 Ng3 63. Ra1 Rg2 0-1

[Event "9MCR_4D_1L_2S"]
[Site "?"]
[Date "2010.??.??"]
[Round "?"]
[White "Cerveny, Libor"]
[Black "Hostinsky, Jiri"]
[Result "0-1"]
[WhiteElo "2050"]
[BlackElo "2381"]
[Annotator "066"]
[PlyCount "104"]
[EventDate "2010.??.??"]
[EventType "corr"]
[SourceDate "2002.06.29"]

1. e4 c5 2. Nf3 Nc6 3. d4 cxd4 4. Nxd4 Nf6 5. Nc3 d6 6. Bc4 e6 7. O-O Be7 8.
Be3 O-O 9. a3 a6 10. Ba2 Bd7 11. f4 Rc8 12. Qe2 Qa5 13. Nxc6 Bxc6 14. f5 Nxe4
15. fxe6 f5 16. Bd4 Nxc3 17. Bxc3 Qc5+ 18. Rf2 Be4 19. Rd1 h6 20. Bb3 Kh7 21.
Ba4 Qb6 22. Bd7 Rxc3 23. bxc3 Qc5 24. c4 Qxa3 25. Qd2 Rf6 26. Qd4 Rg6 27. g3
Qa5 28. Qe3 h5 29. Rd4 Rg4 30. Qd2 Qe5 31. c3 Bg5 32. Qe1 g6 33. Rd5 Qh8 34.
Re2 Bxd5 35. cxd5 Be7 36. Re3 h4 37. Kg2 Kg7 38. Qd1 h3+ 39. Kf1 Qd8 40. Ba4
Qb6 41. Rf3 Qc5 42. Bc2 Rc4 43. Qe2 Rxc3 44. Rxc3 Qxc3 45. Bd1 Qd4 46. Qf3 a5
47. g4 fxg4 48. Qxg4 Qxg4 49. Bxg4 a4 50. Bd1 a3 51. Bb3 Kf6 52. Ke2 Ke5 0-1

[Event "9MCR_4D_1L_2S"]
[Site "?"]
[Date "2010.??.??"]
[Round "?"]
[White "Cerveny, Libor"]
[Black "Mikoska, Josef"]
[Result "0-1"]
[WhiteElo "2050"]
[BlackElo "2242"]
[Annotator "031"]
[PlyCount "96"]
[EventDate "2010.??.??"]
[EventType "corr"]
[SourceDate "2002.06.29"]

1. e4 e5 2. Nf3 Nc6 3. Bc4 Bc5 4. c3 Nf6 5. d3 d6 6. O-O a6 7. Bb3 O-O 8. Nbd2
Ba7 9. Nc4 Be6 10. Bg5 h6 11. Bh4 g5 12. Bg3 Ne7 13. Ne3 Qd7 14. h3 Ng6 15. Qc2
Bxh3 16. gxh3 Qxh3 17. Nf5 Nf4 18. Ne1 d5 19. c4 dxe4 20. dxe4 N6h5 21. c5 Bxc5
22. Bxf4 gxf4 23. Qxc5 Kh7 24. Ng3 Rg8 25. Bxf7 fxg3 26. Bxg8+ Rxg8 27. Qxc7+
Rg7 28. Qxg7+ Kxg7 29. fxg3 Qxg3+ 30. Kh1 Qh4+ 31. Kg1 Ng3 32. Kg2 Nxf1 33.
Kxf1 Qf4+ 34. Kg1 Qxe4 35. Ng2 Qd4+ 36. Kf1 Qxb2 37. Re1 Qxa2 38. Rxe5 Qa1+ 39.
Re1 Qxe1+ 40. Kxe1 h5 41. Nf4 h4 42. Ne6+ Kg6 43. Nc5 a5 44. Nxb7 a4 45. Nc5 a3
46. Nb3 a2 47. Kf2 Kf5 48. Na1 Ke5 0-1

[Event "9MCR_4D_1L_2S"]
[Site "?"]
[Date "2010.??.??"]
[Round "?"]
[White "Cerveny, Libor"]
[Black "Paulik, Vaclav"]
[Result "1/2-1/2"]
[WhiteElo "2050"]
[BlackElo "2184"]
[Annotator "023"]
[PlyCount "79"]
[EventDate "2010.??.??"]
[EventType "corr"]
[SourceDate "2002.06.29"]

1. e4 c5 2. Nf3 Nc6 3. d4 cxd4 4. Nxd4 Nf6 5. Nc3 e5 6. Ndb5 d6 7. Nd5 Nxd5 8.
exd5 Nb8 9. c4 Be7 10. Bd3 a6 11. Nc3 O-O 12. O-O f5 13. f3 Nd7 14. Be3 Bg5 15.
Bf2 b6 16. b4 Bb7 17. Qc2 g6 18. Rfb1 Rc8 19. a4 Bh4 20. g3 Bf6 21. Be2 Qe7 22.
Ra3 Rfe8 23. a5 bxa5 24. c5 axb4 25. c6 bxa3 26. Rxb7 Red8 27. Na4 e4 28. Nb6
exf3 29. Bxf3 Rb8 30. Rxd7 Rxd7 31. Nxd7 Rb2 32. Qa4 a2 33. Nxf6+ Qxf6 34. Bd1
Rxf2 35. c7 a1=Q 36. c8=Q+ Kg7 37. Qcd7+ Kh6 38. Kxf2 Qfd4+ 39. Qxd4 Qxd4+ 40.
Ke2 1/2-1/2

[Event "9MCR_4D_1L_2S"]
[Site "?"]
[Date "2010.??.??"]
[Round "?"]
[White "Cerveny, Libor"]
[Black "Schwarz, Jan"]
[Result "1/2-1/2"]
[WhiteElo "2050"]
[BlackElo "2255"]
[Annotator "050"]
[PlyCount "148"]
[EventDate "2010.??.??"]
[EventType "corr"]
[SourceDate "2002.06.29"]

1. e4 c5 2. Nf3 e6 3. d4 cxd4 4. Nxd4 a6 5. Bd3 d6 6. O-O Nf6 7. c4 b6 8. Nc3
Bb7 9. f4 Be7 10. Be3 Nbd7 11. b4 Qc7 12. Rc1 O-O 13. f5 e5 14. Nd5 Qd8 15. Nb3
a5 16. bxa5 bxa5 17. Rb1 Bc6 18. Qf3 a4 19. Nd2 Rc8 20. Bc2 Bxd5 21. exd5 Qa5
22. Rb5 Qc3 23. Bxa4 Nc5 24. Bb3 e4 25. Qg3 Rfe8 26. Nb1 Qb2 27. Bxc5 dxc5 28.
Qc3 Qe2 29. Qd2 Qd3 30. Rd1 Ng4 31. Qxd3 exd3 32. h3 Ne3 33. Rxd3 Nxf5 34. Nd2
Bg5 35. Kf1 Bh4 36. Nf3 Bg3 37. Rd2 Bf4 38. Rb2 Re3 39. Ra5 Rce8 40. Ba4 Ng3+
41. Kf2 Re2+ 42. Rxe2 Rxe2+ 43. Kg1 g6 44. Bd1 Be3+ 45. Kh2 Nf1+ 46. Kh1 Rf2
47. Ra8+ Kg7 48. Re8 Ng3+ 49. Kh2 Bf4 50. Re1 Nf5+ 51. Kg1 Rxa2 52. Bb3 Rb2 53.
Ba4 Bg3 54. Rc1 Ne3 55. Kh1 Rb4 56. Bb5 Bf4 57. d6 Bxd6 58. Nd2 Rb2 59. Ne4 Be5
60. Nxc5 Rxg2 61. Nd3 Rh2+ 62. Kg1 Bc7 63. c5 Rxh3 64. Ra1 g5 65. Ra7 Bh2+ 66.
Kf2 g4 67. Ke2 g3 68. Nf4 Rh4 69. Kxe3 Rxf4 70. Ra2 Rf5 71. Rc2 Bg1+ 72. Ke4
Rxc5 73. Rxc5 Bxc5 74. Kf3 Bd6 1/2-1/2